[Event "Osterskars m"]
[Site "?"]
[Date "1995.??.??"]
[Round "?"]
[White "Gelfand, Boris"]
[Black "Andersson, Ulf"]
[Result "0-1"]
[WhiteElo "2700"]
[BlackElo "2630"]
[PlyCount "21"]
[EventDate "1995.??.??"]
[Source "www.chesslib.no"]
[SourceDate "2004.05.04"]

1. d4 e6 2. c4 Bb4+ 3. Nc3 Ne7 4. Qc2 O-O 5. e3 c5 6. Bd3 h6 7. a3 Bxc3+ 8. Qxc3 cxd4 9. exd4 d5 10. c5 b6 11. Nf3 0-1

[Event "Wijk aan Zee"]
[Site "?"]
[Date "2000.??.??"]
[Round "?"]
[White "Piket, Je"]
[Black "Short, N."]
[Result "1-0"]
[WhiteElo "2640"]
[BlackElo "2680"]
[PlyCount "79"]
[EventDate "2000.??.??"]
[Source "Chess Informant"]
[SourceDate "1999.10.01"]

1. d4 e6 2. c4 b6 3. a3 f5 4. d5 Nf6 5. g3 Bb7 6. Bg2 g6 7. Nc3 Bg7 8. Nh3 O-O 9. O-O a5 10. Rb1 Na6 11. b4 axb4 12. axb4 c5 13. bxc5 Nxc5 14. Be3 Ra5 15. Nf4 Ba6 16. dxe6 Bxc4 17. exd7 Nfxd7 18. Bd5+ Bxd5 19. Ncxd5 Be5 20. Nxb6 Nxb6 21. Qxd8 Rxd8 22. Bxc5 Na4 23. Bb4 Rb5 24. Nd3 Bc3 25. Be7 Rdb8 26. Rxb5 Rxb5 27. Rc1 Kf7 28. Bg5 Ke6 29. Kf1 Rb3 30. h4 Ra3 31. Rc2 Kd5 32. Bd2 Ke4 33. Bxc3 Nxc3 34. Kg2 Kd4 35. Nf4 Ke5 36. Rb2 Ra7 37. Rb6 Re7 38. Rc6 Ne4 39. f3 Nd6 40. Rc5+ 1-0

[Event "Tch (Men) 2005/2006 FRA"]
[Site "?"]
[Date "2006.04.02"]
[Round "7"]
[White "Eljanov Pavel"]
[Black "Delchev Aleksander"]
[Result "1/2-1/2"]
[WhiteElo "2655"]
[BlackElo "2661"]
[PlyCount "60"]
[EventDate "2006.??.??"]
[Source "www.chesslib.no"]
[SourceDate "2004.05.04"]

1. d4 e6 2. c4 b6 3. a3 Bb7 4. Nc3 f5 5. d5 Nf6 6. g3 Na6 7. Bg2 Nc5 8. Nf3 Nce4 9. O-O Nxc3 10. bxc3 Bc5 11. Nd4 O-O 12. dxe6 Bxg2 13. Kxg2 Qe7 14. exd7 Qxd7 15. Qd3 Ne4 16. Nb3 Qa4 17. Nxc5 Nxc5 18. Qd5+ Kh8 19. Be3 c6 20. Qd6 Ne4 21. Qb4 Qc2 22. c5 b5 23. Bd4 a5 24. Qb1 Qxe2 25. Re1 Qh5 26. Qd1 Qf7 27. f3 Ng5 28. Qd2 Ne6 29. Re2 Nxd4 30. cxd4 Rfe8 1/2-1/2

[Event "EU-chT (Men)"]
[Site "Batumi"]
[Date "1999.12.07"]
[Round "9.1"]
[White "Piket, Jeroen"]
[Black "Short, Nigel D"]
[Result "0-1"]
[WhiteElo "2635"]
[BlackElo "2675"]
[PlyCount "84"]
[EventDate "1999.11.06"]
[Source "ChessBase"]
[SourceDate "2000.02.01"]

1. d4 e6 2. c4 b6 3. a3 g6 4. Nc3 Bg7 5. e4 Ne7 6. f4 d5 7. cxd5 exd5 8. e5 c5 9. Nf3 Nbc6 10. Be3 O-O 11. Be2 Nf5 12. Bf2 cxd4 13. Nxd4 Ncxd4 14. Bxd4 Be6 15. O-O f6 16. exf6 Bxf6 17. Bxf6 Qxf6 18. Qd2 Rad8 19. Bg4 Ne3 20. Qxe3 Bxg4 21. Qd2 d4 22. Ne4 Qc6 23. Nf2 Bf5 24. Rac1 Qd5 25. Rfe1 Rfe8 26. h3 d3 27. g4 Be4 28. Re3 Bh1 29. Rg3 Bf3 30. Rc3 Be2 31. f5 Qd6 32. Kh2 gxf5 33. gxf5+ Kh8 34. Rc4 Qf6 35. Ne4 Qe5 36. Ng5 Rf8 37. Rh4 Rd7 38. Re4 Qc5 39. Ne6 Qc2 40. Qh6 Bf3+ 41. Kg1 Rxf5 42. Rf4 Qd1+ 0-1

[Event "Ter Apel"]
[Site "Ter Apel"]
[Date "1995.??.??"]
[Round "1"]
[White "Epishin, Vladimir"]
[Black "Adams, Michael"]
[Result "1/2-1/2"]
[WhiteElo "2635"]
[BlackElo "2655"]
[PlyCount "68"]
[EventDate "1995.03.??"]
[Source "ChessBase"]

1. d4 e6 2. c4 Bb4+ 3. Nd2 d5 4. Qa4+ Nc6 5. e3 Nf6 6. Ngf3 O-O 7. a3 Be7 8. b4 a6 9. Qc2 dxc4 10. Bxc4 Bd6 11. Bb2 Qe7 12. Ne5 Nb8 13. Be2 Bd7 14. Bf3 a5 15. Nxd7 Qxd7 16. bxa5 Rxa5 17. O-O Ra7 18. Nc4 Be7 19. Rfc1 c6 20. a4 Qc7 21. a5 Nbd7 22. Qb3 Rb8 23. g3 Qd8 24. Rab1 Ne8 25. Bc3 Nd6 26. Bd2 Nxc4 27. Qxc4 Ne5 28. dxe5 Qxd2 29. a6 Rxa6 30. Rd1 Qa2 31. Qxa2 Rxa2 32. Rd7 Bf8 33. Rbxb7 Rxb7 34. Rxb7 Rc2 1/2-1/2

[Event "Linares ESP"]
[Site "Linares ESP"]
[Date "1991.??.??"]
[Round "?"]
[White "Salov, Valery B"]
[Black "Kamsky, Gata"]
[Result "1-0"]
[WhiteElo "2645"]
[BlackElo "2640"]
[PlyCount "53"]
[EventDate "1991.??.??"]
[Source "www.chesslib.no"]
[SourceDate "2004.05.04"]

1. d4 e6 2. c4 Bb4+ 3. Nd2 f5 4. g3 Nf6 5. Bg2 O-O 6. Ngf3 d6 7. O-O Bxd2 8. Bxd2 Qe7 9. Qc2 e5 10. dxe5 dxe5 11. b4 c5 12. bxc5 Nc6 13. Qb2 Ne4 14. Rad1 Nxd2 15. Nxd2 e4 16. Nb3 f4 17. Qc2 f3 18. exf3 exf3 19. Rfe1 Qf7 20. Bf1 Bg4 21. Qe4 Bh5 22. Qd5 Rae8 23. Rxe8 Rxe8 24. h3 Bg6 25. Bd3 Bxd3 26. Rxd3 Re1+ 27. Kh2 1-0

[Event "TCh-BEL 2007-8"]
[Site "Belgium BEL"]
[Date "2008.02.17"]
[Round "9"]
[White "Roiz, M."]
[Black "Istratescu, A."]
[Result "1/2-1/2"]
[WhiteElo "2659"]
[BlackElo "2617"]
[PlyCount "32"]
[EventDate "2008.01.06"]
[Source "www.chesslib.no"]
[SourceDate "2004.05.04"]

1. d4 e6 2. c4 Bb4+ 3. Bd2 a5 4. Nc3 Nf6 5. Qc2 d5 6. cxd5 exd5 7. Bg5 Qd6 8. Bxf6 Qxf6 9. a3 Bxc3+ 10. Qxc3 c6 11. e3 O-O 12. Ne2 Nd7 13. Ng3 Qe7 14. Bd3 Nf6 15. O-O h5 16. b4 h4 1/2-1/2

[Event "Linares ESP"]
[Site "Linares ESP"]
[Date "1994.??.??"]
[Round "?"]
[White "Lautier, Joel"]
[Black "Topalov, Veselin"]
[Result "1-0"]
[WhiteElo "2625"]
[BlackElo "2640"]
[PlyCount "34"]
[EventDate "1994.??.??"]
[Source "www.chesslib.no"]
[SourceDate "2004.05.04"]

1. d4 e6 2. c4 b6 3. Nc3 Bb7 4. a3 f5 5. d5 Nf6 6. g3 g6 7. Bg2 Bg7 8. e3 O-O 9. Nge2 a5 10. O-O d6 11. e4 fxe4 12. Nxe4 Nxe4 13. Bxe4 Nd7 14. Nc3 Qc8 15. Bg2 Nf6 16. h3 Rf7 17. Be3 Qf8 1-0

[Event "NED-ch op 5'"]
[Site "?"]
[Date "2002.02.15"]
[Round "?"]
[White "Sokolov Ivan"]
[Black "Speelman Jonathan S"]
[Result "0-1"]
[WhiteElo "2655"]
[BlackElo "2595"]
[PlyCount "58"]
[EventDate "2002.??.??"]
[Source "www.chesslib.no"]
[SourceDate "2004.05.04"]

1. d4 e6 2. c4 b6 3. Nf3 Bb7 4. Nc3 Bb4 5. Bg5 Ne7 6. Qb3 c5 7. O-O-O Bxf3 8. gxf3 Bxc3 9. Qxc3 cxd4 10. Qxd4 f6 11. Bf4 Nbc6 12. Qd6 Ng6 13. Bg3 Rc8 14. Bh3 Qe7 15. Kb1 h5 16. Qxe7+ Ncxe7 17. b3 Nf5 18. Bxf5 exf5 19. Bd6 Kf7 20. Rd2 Rhe8 21. Rhd1 Re6 22. Ba3 Kg8 23. e3 f4 24. exf4 Nh4 25. Rxd7 a5 26. Rg1 g6 27. f5 Nxf5 28. Rxg6+ Kh8 29. Rh6+ Nxh6 0-1

[Event "OHRA"]
[Site "Amsterdam OHRA"]
[Date "1989.??.??"]
[Round "3"]
[White "Gulko, Boris F"]
[Black "Speelman, Jonathan S"]
[Result "1/2-1/2"]
[WhiteElo "2610"]
[BlackElo "2640"]
[PlyCount "38"]
[EventDate "1989.??.??"]
[Source "www.chesslib.no"]
[SourceDate "2004.05.04"]

1. d4 e6 2. c4 Bb4+ 3. Bd2 Qe7 4. g3 f5 5. Bg2 Nf6 6. Nf3 Bxd2+ 7. Qxd2 d6 8. Nc3 e5 9. dxe5 dxe5 10. e4 Nxe4 11. Nxe4 fxe4 12. Ng5 e3 13. Qxe3 Qb4+ 14. Qc3 Qxc3+ 15. bxc3 h6 16. Kf1 Nc6 17. Rb1 Bg4 18. h3 Bf3 19. Bxf3 O-O-O 1/2-1/2

[Event "GM"]
[Site "?"]
[Date "2005.02.15"]
[Round "2"]
[White "Miladinovic Igor"]
[Black "Bauer Christian"]
[Result "1/2-1/2"]
[WhiteElo "2611"]
[BlackElo "2636"]
[PlyCount "48"]
[EventDate "2005.??.??"]
[Source "www.chesslib.no"]
[SourceDate "2004.05.04"]

1. d4 e6 2. c4 b6 3. Nc3 Bb7 4. a3 f5 5. d5 Nf6 6. g3 Na6 7. Bg2 Nc5 8. Nh3 Bd6 9. O-O Be5 10. Qc2 O-O 11. Nf4 Qe8 12. Rb1 a5 13. b4 axb4 14. axb4 Nce4 15. Nxe4 Nxe4 16. Bxe4 fxe4 17. Qxe4 Bxf4 18. Bxf4 exd5 19. Qxe8 Raxe8 20. cxd5 d6 21. Rfc1 Rf7 22. Rb2 Bxd5 23. Rbc2 Ree7 24. f3 h6 1/2-1/2

[Event "Tch-BIH"]
[Site "Neum"]
[Date "2004.06.01"]
[Round "4"]
[White "Markus, Robert"]
[Black "Short, Nigel D"]
[Result "1/2-1/2"]
[WhiteElo "2532"]
[BlackElo "2712"]
[PlyCount "105"]
[EventDate "2004.05.29"]
[Source "Roberto Alvarez"]
[SourceDate "2004.06.07"]

1. d4 e6 2. c4 b6 3. Nc3 Bb4 4. e3 Bxc3+ 5. bxc3 Bb7 6. Ne2 d6 7. Ng3 Qh4 8. c5 dxc5 9. dxc5 Nc6 10. Bb5 a6 11. Be2 b5 12. a4 b4 13. O-O Nf6 14. cxb4 Nxb4 15. Ba3 Bc6 16. e4 a5 17. Bxb4 axb4 18. Bb5 Bxb5 19. axb5 Rxa1 20. Qxa1 O-O 21. Qd4 b3 22. Rb1 h5 23. f3 Qg5 24. Nf1 h4 25. Rxb3 h3 26. g3 Qc1 27. b6 cxb6 28. cxb6 Rb8 29. b7 Qc7 30. Qb6 Qd7 31. Kf2 Kh7 32. Ke2 Qa4 33. Nd2 Ne8 34. Rd3 g5 35. e5 Qa1 36. Rd8 Qxe5+ 37. Kf2 Nf6 38. Rxb8 Qxb8 39. Qc6 Qa7+ 40. Ke2 Nd5 41. Qc2+ Kh6 42. Qb3 Qb8 43. Nc4 Ne7 44. Qb5 Nf5 45. Kf2 Ne7 46. Na5 Qa7+ 47. Kf1 Qb8 48. Qd7 Qe5 49. Qxe7 Qb5+ 50. Kf2 Qb2+ 51. Ke1 Qc1+ 52. Ke2 Qc2+ 53. Ke1 1/2-1/2

[Event "Liepajas Rokade"]
[Site "Liepaya"]
[Date "2004.07.31"]
[Round "6"]
[White "Van Wely, Loek"]
[Black "Kengis, Edvins"]
[Result "1-0"]
[WhiteElo "2680"]
[BlackElo "2563"]
[PlyCount "61"]
[EventDate "2004.07.30"]
[SourceDate "2004.08.11"]

1. d4 e6 2. c4 b6 3. a3 Bb7 4. Nc3 g6 5. e4 Bg7 6. Nf3 Ne7 7. Bd3 O-O 8. d5 Na6 9. O-O f5 10. e5 h6 11. b4 g5 12. Re1 Ng6 13. h3 c5 14. Rb1 cxb4 15. axb4 Nc7 16. Ba3 exd5 17. cxd5 d6 18. exd6 Qxd6 19. Qb3 g4 20. b5 Qf6 21. d6+ Kh8 22. dxc7 gxf3 23. Nd5 Qg5 24. g3 f4 25. Ne7 Nxe7 26. Bxe7 Qh5 27. Qe6 fxg3 28. Qg4 Qxg4 29. hxg4 Bf6 30. Re6 Rae8 31. Rxf6 1-0

[Event "Dortmund"]
[Site "?"]
[Date "1995.??.??"]
[Round "?"]
[White "Lobron, E."]
[Black "Short, N."]
[Result "1/2-1/2"]
[WhiteElo "2595"]
[BlackElo "2645"]
[PlyCount "113"]
[EventDate "1995.??.??"]
[Source "ChessBase"]
[SourceDate "1995.06.01"]

1. d4 e6 2. c4 Bb4+ 3. Bd2 a5 4. Nf3 d5 5. Nc3 Nf6 6. Bg5 h6 7. Bxf6 Qxf6 8. e3 O-O 9. Qc2 c5 10. cxd5 exd5 11. a3 Bxc3+ 12. bxc3 c4 13. Qb2 Ra6 14. Qb5 Qd6 15. Be2 Rb6 16. Qxa5 Rb2 17. Ne5 Nd7 18. Bf3 Nxe5 19. dxe5 Qxe5 20. O-O Be6 21. Rac1 g5 22. h3 f5 23. Rb1 Rxb1 24. Rxb1 g4 25. Be2 gxh3 26. Rxb7 f4 27. Qc7 Qxc7 28. Rxc7 fxe3 29. fxe3 hxg2 30. Kxg2 Ra8 31. Bf3 Rxa3 32. Rc5 Rxc3 33. Kf2 Rc2+ 34. Ke1 Rc3 35. Kf2 Rd3 36. Be2 Rd2 37. Ke1 Rb2 38. e4 dxe4 39. Bxc4 Rb6 40. Ke2 Kg7 41. Ke3 Kf6 42. Kf4 Bd7 43. Kxe4 Rb4 44. Ke3 h5 45. Be2 h4 46. Bf3 Bf5 47. Bc6 h3 48. Kf2 Rb3 49. Kg1 Rb2 50. Kh1 Rf2 51. Kg1 Rd2 52. Kh1 Rd4 53. Bb7 Rb4 54. Bc8 Rb1+ 55. Kh2 Rb2+ 56. Kg3 Rg2+ 57. Kf3 1/2-1/2

[Event "NED-ch op 5'"]
[Site "?"]
[Date "2002.02.15"]
[Round "?"]
[White "Sokolov Ivan"]
[Black "Ehlvest Jaan"]
[Result "1-0"]
[WhiteElo "2655"]
[BlackElo "2585"]
[PlyCount "45"]
[EventDate "2002.??.??"]
[Source "www.chesslib.no"]
[SourceDate "2004.05.04"]

1. d4 e6 2. c4 b6 3. Nf3 Bb7 4. Nc3 Bb4 5. Bg5 f6 6. Bh4 Ne7 7. Qb3 c5 8. e3 Nbc6 9. Be2 Nf5 10. d5 exd5 11. cxd5 Nce7 12. e4 Nxh4 13. Nxh4 d6 14. Bb5+ Kf7 15. O-O a6 16. Be2 Re8 17. Bh5+ g6 18. Bg4 Kg7 19. Ne2 Kh8 20. Nf4 Ng8 21. Qh3 g5 22. Nfg6+ Kg7 23. Nf5+ 1-0

[Event "Dordrecht FPO"]
[Site "?"]
[Date "1998.??.??"]
[Round "?"]
[White "Van Wely Loek"]
[Black "Timman Jan Hein"]
[Result "1-0"]
[WhiteElo "2605"]
[BlackElo "2635"]
[PlyCount "51"]
[EventDate "1998.??.??"]
[Source "www.chesslib.no"]
[SourceDate "2004.05.04"]

1. d4 e6 2. c4 Bb4+ 3. Bd2 Qe7 4. Nf3 d5 5. g3 Nf6 6. Bg2 O-O 7. O-O Bxd2 8. Nbxd2 Nbd7 9. Rc1 c6 10. Qc2 e5 11. cxd5 Nxd5 12. e4 Nb4 13. Qb3 a5 14. a3 Na6 15. dxe5 Nxe5 16. Nxe5 Qxe5 17. Nc4 Qc7 18. Qc3 Nc5 19. e5 Be6 20. Nd6 Na4 21. Qd4 Nb6 22. f4 Bd5 23. Bxd5 Nxd5 24. Qxd5 Qb6+ 25. Qc5 Qxb2 26. Rb1 1-0

[Event "Politiken Cup"]
[Site "Copenhagen"]
[Date "1996.??.??"]
[Round "8"]
[White "Gulko, Boris F"]
[Black "Speelman, Jonathan S"]
[Result "1-0"]
[WhiteElo "2615"]
[BlackElo "2625"]
[PlyCount "79"]
[EventDate "1996.06.??"]
[Source "ChessBase"]

1. d4 e6 2. c4 b6 3. Nc3 Bb4 4. e3 Bb7 5. Nge2 f5 6. a3 Bd6 7. d5 Nf6 8. g3 Na6 9. Bg2 Nc5 10. O-O O-O 11. b4 Nce4 12. Rb1 exd5 13. Nxd5 Nxd5 14. cxd5 Qe7 15. Bb2 a5 16. Nc3 axb4 17. axb4 Rae8 18. Qd4 Rf7 19. Ba1 Be5 20. Qd3 Bxc3 21. Bxc3 Qd6 22. Bb2 Qxd5 23. Qc2 Bc6 24. Rfd1 Qe6 25. b5 Bxb5 26. Bxg7 Qc4 27. Qb2 Rxg7 28. Bf1 Qc3 29. Qxb5 Qc2 30. Rxd7 Qxf2+ 31. Kh1 Qf3+ 32. Bg2 Nf2+ 33. Kg1 Qxe3 34. Rxg7+ Kxg7 35. Qb2+ Kg6 36. Qxf2 h5 37. Bc6 Re6 38. Qxe3 Rxe3 39. Rb4 Rc3 40. Be8+ 1-0

[Event "2nd IECC, Ohrid MKD"]
[Site "?"]
[Date "2001.??.??"]
[Round "5"]
[White "Neverov, V."]
[Black "Georgiev, Ki"]
[Result "0-1"]
[WhiteElo "2560"]
[BlackElo "2675"]
[PlyCount "134"]
[EventDate "2001.??.??"]
[Source "www.chesslib.no"]
[SourceDate "2004.05.04"]

1. d4 e6 2. c4 b6 3. Nf3 Bb7 4. a3 g6 5. Nc3 Bg7 6. e4 d6 7. Bd3 Ne7 8. O-O Nd7 9. Re1 h6 10. Be3 g5 11. Rc1 Ng6 12. b4 O-O 13. Nd2 c5 14. dxc5 dxc5 15. Nb3 Qe7 16. bxc5 Nxc5 17. Nxc5 bxc5 18. Na4 Rac8 19. Rb1 Ba6 20. Qb3 Rfd8 21. Red1 Bd4 22. Be2 Qf6 23. Bxd4 cxd4 24. Nb2 Qe5 25. Qa4 Nf4 26. Bf1 Bb7 27. f3 a5 28. g3 Ng6 29. Nd3 Qc7 30. Qb5 Ba8 31. Bg2 Rb8 32. Qa4 Bc6 33. Qc2 Ne5 34. Nxe5 Qxe5 35. Rxb8 Qxb8 36. Bf1 Qd6 37. c5 Qe5 38. Bd3 f5 39. Re1 fxe4 40. fxe4 Rf8 41. Rf1 Rxf1+ 42. Kxf1 Kf7 43. Ke1 Ke7 44. Kd2 h5 45. Kc1 Kd8 46. Kb1 Kc7 47. Ka2 a4 48. Kb1 Kd8 49. Ka2 Ke7 50. Kb1 h4 51. gxh4 gxh4 52. Qf2 Qxc5 53. Qxh4+ Kd7 54. Qh7+ Kd6 55. Qg7 Qc3 56. Bc2 Qe1+ 57. Kb2 Qc3+ 58. Kb1 Qc4 59. Qg3+ Kd7 60. Qg7+ Kc8 61. Qg8+ Kb7 62. Qd8 Qc5 63. h4 e5 64. Qf6 Qxa3 65. Qxe5 d3 66. Qb2+ Qxb2+ 67. Kxb2 a3+ 0-1

[Event "Polanica Zdroj"]
[Site "?"]
[Date "1996.??.??"]
[Round "?"]
[White "Beliavsky, A."]
[Black "Gulko, B."]
[Result "1/2-1/2"]
[WhiteElo "2620"]
[BlackElo "2615"]
[PlyCount "66"]
[EventDate "1996.??.??"]
[Source "ChessBase"]
[SourceDate "1996.06.01"]

1. d4 e6 2. c4 b6 3. e4 Bb7 4. Bd3 f5 5. Nc3 Bb4 6. d5 fxe4 7. Bxe4 Nf6 8. Bf3 e5 9. Bd2 O-O 10. Nge2 c6 11. O-O cxd5 12. Nxd5 Nxd5 13. Bxd5+ Bxd5 14. cxd5 Bxd2 15. Qxd2 Na6 16. d6 Nc5 17. Qd5+ Kh8 18. b4 Ne6 19. Qxe5 a5 20. b5 Qh4 21. Qe3 Qc4 22. Rfc1 Qxb5 23. Nd4 Nxd4 24. Qxd4 Rf6 25. Rab1 Qe2 26. Rb2 Qe6 27. Qxb6 Qxd6 28. Qxd6 Rxd6 29. g3 Kg8 30. Rc4 Rd5 31. h4 Ra6 32. Kg2 Kf7 33. Re2 Re6 1/2-1/2

[Event "2nd IECC, Ohrid MKD"]
[Site "?"]
[Date "2001.??.??"]
[Round "8"]
[White "Neverov, V."]
[Black "Short, N."]
[Result "1/2-1/2"]
[WhiteElo "2560"]
[BlackElo "2675"]
[PlyCount "61"]
[EventDate "2001.??.??"]
[Source "www.chesslib.no"]
[SourceDate "2004.05.04"]

1. d4 e6 2. c4 b6 3. e4 Bb7 4. Bd3 Bb4+ 5. Bd2 Nc6 6. Ne2 Qf6 7. Bxb4 Nxb4 8. Nbc3 Nxd3+ 9. Qxd3 a6 10. O-O Ne7 11. f4 Qg6 12. f5 exf5 13. Nf4 Qg5 14. exf5 O-O-O 15. Ne4 Qh6 16. Ng3 d5 17. Rac1 g5 18. f6 gxf4 19. fxe7 Rd7 20. Nf5 dxc4 21. Qd2 Qg6 22. Rxf4 b5 23. b3 cxb3 24. axb3 Re8 25. Rc5 Bd5 26. Qc2 Kb7 27. b4 c6 28. h3 Be6 29. Qc3 Bd5 30. Qc2 Be6 31. Qc3 1/2-1/2

[Event "Biel GM"]
[Site "Biel"]
[Date "1999.07.19"]
[Round "1"]
[White "Piket, Jeroen"]
[Black "Bunzmann, Dimitrij"]
[Result "1-0"]
[WhiteElo "2635"]
[BlackElo "2596"]
[PlyCount "77"]
[EventDate "1999.07.19"]
[Source "ChessBase"]
[SourceDate "1999.10.01"]

1. d4 e6 2. c4 Bb4+ 3. Bd2 a5 4. Nf3 d6 5. g3 Nc6 6. Bg2 e5 7. O-O Nxd4 8. Nxd4 exd4 9. Bxb4 axb4 10. Qxd4 Qf6 11. Qe3+ Qe7 12. Qb3 c5 13. Nd2 Nf6 14. a3 O-O 15. e3 bxa3 16. Rxa3 Rb8 17. Ra7 Qd8 18. Rfa1 b6 19. Nb1 Be6 20. Nc3 b5 21. Nxb5 d5 22. Qc3 dxc4 23. Nc7 Bg4 24. Qxc4 Rxb2 25. Nd5 Be6 26. Qc3 Qb8 27. Nxf6+ gxf6 28. Qxf6 Rb1+ 29. Bf1 Rc8 30. h4 Qb5 31. Rxb1 Qxb1 32. h5 Qe4 33. Qg5+ Kh8 34. Bg2 Qc2 35. Qf6+ Kg8 36. Kh2 Qd1 37. Qg5+ Kf8 38. Qh6+ Kg8 39. Be4 1-0

[Event "Tilburg"]
[Site "Tilburg"]
[Date "1992.??.??"]
[Round "1"]
[White "Gurevich, Mikhail"]
[Black "Kengis, Edvins"]
[Result "1/2-1/2"]
[WhiteElo "2625"]
[BlackElo "2590"]
[PlyCount "88"]
[EventDate "1992.10.??"]
[Source "ChessBase"]

1. d4 e6 2. c4 Bb4+ 3. Nc3 b6 4. e3 Bb7 5. Nge2 f5 6. a3 Bd6 7. d5 Nf6 8. g3 a5 9. Bg2 Na6 10. O-O O-O 11. b3 Nc5 12. Bb2 Qe7 13. Nd4 Nce4 14. Nxe4 fxe4 15. dxe6 dxe6 16. Qc2 e5 17. Nb5 Qf7 18. Rad1 Rad8 19. Rd2 Bc6 20. Nxd6 cxd6 21. a4 Qe6 22. Ba3 Rd7 23. Rfd1 Rfd8 24. b4 axb4 25. Bxb4 d5 26. cxd5 Bxd5 27. Qb2 Bc4 28. Rxd7 Rxd7 29. Rxd7 Qxd7 30. h3 Qxa4 31. Bc3 Qd1+ 32. Kh2 Qb3 33. Qxb3 Bxb3 34. Bxe5 Bc2 35. g4 b5 36. g5 Nd5 37. h4 b4 38. Bh3 Kf7 39. Bc8 Nb6 40. Ba6 Bd3 41. Bb7 b3 42. Bd4 Nc4 43. Bd5+ Kf8 44. Bxc4 Bxc4 1/2-1/2

[Event "XXII Rapid"]
[Site "Villarrobledo SPA"]
[Date "2007.08.04"]
[Round "4"]
[White "Sokolov, Iv NED"]
[Black "Gofshtein, Z."]
[Result "1-0"]
[WhiteElo "2666"]
[BlackElo "2541"]
[PlyCount "119"]
[EventDate "2007.08.04"]
[Source "www.chesslib.no"]
[SourceDate "2004.05.04"]

1. d4 e6 2. c4 Bb4+ 3. Bd2 a5 4. Nc3 Nf6 5. e4 Bxc3 6. Bxc3 Nxe4 7. Qg4 Nxc3 8. Qxg7 Ke7 9. bxc3 Qg8 10. Qe5 d6 11. Qe3 Nd7 12. Nf3 Nf6 13. h3 Bd7 14. g4 Kf8 15. Rg1 Qg7 16. g5 Ng8 17. h4 Ne7 18. Bd3 c5 19. h5 cxd4 20. cxd4 h6 21. Qf4 Ke8 22. Qxd6 Bc6 23. gxh6 Qxh6 24. Ng5 Qf6 25. Nh7 Qh6 26. d5 Rd8 27. Qg3 Rxh7 28. dxc6 Qf6 29. Rd1 Rxh5 30. cxb7 Qe5+ 31. Qxe5 Rxe5+ 32. Be2 Rb8 33. Rb1 Kd7 34. Rg7 Rf5 35. Bg4 Rf4 36. Bh5 Rxc4 37. Rxf7 Kd6 38. Bf3 Nd5 39. Rb5 Rb4 40. Rxb4 Nxb4 41. a4 Nd3+ 42. Ke2 Ne5 43. Rg7 Nxf3 44. Kxf3 Kc5 45. Ke4 Kb6 46. Ke5 Ka7 47. Kxe6 Rf8 48. Rf7 Re8+ 49. Kd5 Re2 50. Kc6 Rb2 51. f4 Rb6+ 52. Kc5 Rb4 53. f5 Rxa4 54. Kb5 Ra1 55. f6 a4 56. Re7 a3 57. f7 Rf1 58. b8=Q+ Kxb8 59. Re8+ Kc7 60. f8=Q 1-0

[Event "26th Speed Chess Open, Aubervilliers FR"]
[Site "?"]
[Date "2001.??.??"]
[Round "?"]
[White "Georgiev, Ki"]
[Black "Miezis, N."]
[Result "1-0"]
[WhiteElo "2675"]
[BlackElo "2530"]
[PlyCount "77"]
[EventDate "2001.??.??"]
[Source "www.chesslib.no"]
[SourceDate "2004.05.04"]

1. d4 e6 2. c4 b6 3. Nc3 Bb7 4. a3 f5 5. d5 Nf6 6. g3 b5 7. Bg2 bxc4 8. Nh3 exd5 9. Nxd5 Nxd5 10. Bxd5 c6 11. Bxc4 d5 12. Ba2 Bd6 13. Bf4 O-O 14. Bxd6 Qxd6 15. O-O Nd7 16. Nf4 Rae8 17. b4 g5 18. Nd3 f4 19. Rc1 Nf6 20. gxf4 gxf4 21. Kh1 Kh8 22. Rg1 Ne4 23. Rc2 d4 24. f3 Nc3 25. Qf1 Qf6 26. Bc4 Bc8 27. Qg2 Bf5 28. Rd2 Bg6 29. Nc5 Re3 30. Nd7 Qe7 31. Nxf8 Qxf8 32. Rxd4 Qf6 33. Rd7 Re8 34. Qg5 Qf8 35. Bf7 Ne4 36. fxe4 Bxe4+ 37. Rg2 Bxg2+ 38. Kxg2 f3+ 39. exf3 1-0

[Event "Europa ch 2008"]
[Site "Plovdiv BUL"]
[Date "2008.04.27"]
[Round "7.25"]
[White "Erdos, Viktor"]
[Black "Istratescu, Andrei"]
[Result "1/2-1/2"]
[WhiteElo "2576"]
[BlackElo "2628"]
[PlyCount "51"]
[EventDate "2008.04.21"]
[Source "www.chesslib.no"]
[SourceDate "2004.05.04"]

1. d4 e6 2. c4 b6 3. Nc3 Bb4 4. Nf3 Bb7 5. Bg5 f6 6. Bd2 f5 7. g3 Nf6 8. Bg2 O-O 9. O-O Bxc3 10. Bxc3 Ne4 11. Rc1 d6 12. d5 Nxc3 13. Rxc3 e5 14. Qc1 h6 15. Ne1 Nd7 16. f4 Bc8 17. Nd3 e4 18. Nb4 a5 19. Nc6 Qf6 20. Qe3 Nc5 21. Nd4 Bd7 22. b3 g5 23. a3 g4 24. h4 Rfb8 25. Rfc1 Qf7 26. a4 1/2-1/2

[Event "New York USA"]
[Site "?"]
[Date "2002.08.27"]
[Round "4"]
[White "Novikov Igor A"]
[Black "Burnett Ronald"]
[Result "1-0"]
[WhiteElo "2724"]
[BlackElo "2472"]
[PlyCount "37"]
[EventDate "2002.??.??"]
[Source "www.chesslib.no"]
[SourceDate "2004.05.04"]

1. d4 e6 2. c4 b6 3. a3 Nf6 4. Nc3 Ba6 5. e4 d5 6. e5 Ne4 7. Nxe4 dxe4 8. Be3 Be7 9. Qc2 Bb7 10. O-O-O Nd7 11. Ne2 c5 12. Nc3 cxd4 13. Bxd4 Qc7 14. Nxe4 Nxe5 15. h4 Nxc4 16. Bxg7 Qf4+ 17. Nd2 Rg8 18. Qa4+ Kd8 19. Be5 1-0

[Event "London PCA-Intel GP "]
[Site "?"]
[Date "1995.??.??"]
[Round "?"]
[White "Van Wely, Loek"]
[Black "Miles, Anthony J"]
[Result "0-1"]
[WhiteElo "2575"]
[BlackElo "2615"]
[PlyCount "29"]
[EventDate "1995.??.??"]
[Source "www.chesslib.no"]
[SourceDate "2004.05.04"]

1. d4 e6 2. c4 e5 3. f4 g6 4. Nc3 a6 5. e4 b5 6. dxe5 Bc5 7. a4 Qf6 8. axb5 Bd6 9. Qxd6 Ra7 10. Rxa6 Qh4+ 11. Ke2 Qg3 12. Na2 Qxh2 13. Be3 f5 14. Ra5 Qg3 15. Bd4 0-1

[Event "Moscow PCA-Intel qual"]
[Site "Moscow"]
[Date "1995.??.??"]
[Round "9"]
[White "Serper, Grigory"]
[Black "Gurevich, Mikhail"]
[Result "0-1"]
[WhiteElo "2585"]
[BlackElo "2605"]
[PlyCount "60"]
[EventDate "1995.??.??"]
[Source "ChessBase"]

1. d4 e6 2. c4 b6 3. Nf3 Ba6 4. Qc2 Nf6 5. Bd2 d6 6. g3 Be7 7. Bg2 d5 8. b3 c6 9. O-O Nbd7 10. Rd1 Rc8 11. Bc1 O-O 12. Bb2 c5 13. dxc5 Bxc5 14. Nbd2 Qe7 15. a4 Bb7 16. Rac1 Rfd8 17. Qb1 Ba3 18. Nd4 Bxb2 19. Qxb2 Nc5 20. cxd5 Bxd5 21. Bxd5 Nxd5 22. Nc4 Qf6 23. a5 h5 24. axb6 axb6 25. h4 Ne4 26. e3 Ndc3 27. Rf1 b5 28. Nb6 Rc7 29. f3 Nxg3 30. Rxc3 Qxh4 0-1